Nutriología médica (Registro nro. 36495)

Detalles MARC
000 -CABECERA
Longitud fija campo de control 00832nam a22002417a 4500
003 - IDENTIFICADOR DELl NÚMERO DE CONTROL
Identificador del número de control OSt
005 - FECHA Y HORA DE LA ÚLTIMA TRANSACCIÓN
Fecha y hora de la última transacción 20260522144555.0
008 - CÓDIGOS DE INFORMACIÓN DE LONGITUD FIJA
Códigos de información de longitud fija 260220b ||||| |||| 00| 0 eng d
040 ## - FUENTE DE LA CATALOGACIÓN
Centro transcriptor BCRI
082 ## - NÚMERO DE LA CLASIFICACIÓN DECIMAL DEWEY
Númeroo de clasificación 613.2
100 ## - PUNTO DE ACCESO PRINCIPAL-NOMBRE DE PERSONA
9 (RLIN) 50202
Nombre de persona Kaufer-Horwitz, Martha
245 10 - MENCIÓN DE TÍTULO
Título Nutriología médica
Mención de responsabilidad, etc. Martha Kaufer-Horwitz, Ana Bertha Pérez-Lizaur, Victoria Eugenia Ramos Barragán, Luis Miguel Gutiérrez Robledo
250 ## - MENCIÓN DE EDICIÓN
Mención de edición 5ª ed
260 ## - PUBLICACIÓN, DISTRIBUCIÓN, ETC. (PIE DE IMPRENTA)
Lugar de publicación, distribución, etc. Cuidad de México
Nombre del editor, distribuidor, etc. Editorial Médica Panamericana
Fecha de publicación, distribución, etc. 2023
300 ## - DESCRIPCIÓN FÍSICA
Extensión XVIII, 1054 p.
Otras características físicas il.
Dimensiones 28 cm.
500 ## - NOTA GENERAL
Nota general Índice analítico en p. 1037
650 #0 - PUNTO DE ACCESO ADICIONAL DE MATERIA - TÉRMINO DE MATERIA
9 (RLIN) 2745
Término de materia o nombre geográfico como elemento inicial Nutrición
650 #0 - PUNTO DE ACCESO ADICIONAL DE MATERIA - TÉRMINO DE MATERIA
9 (RLIN) 23508
Término de materia o nombre geográfico como elemento inicial Dietética
700 ## - PUNTO DE ACCESO ADICIONAL - NOMBRE DE PERSONA
9 (RLIN) 50203
Nombre de persona Pérez-Lizaur, Ana Bertha
700 ## - PUNTO DE ACCESO ADICIONAL - NOMBRE DE PERSONA
9 (RLIN) 50204
Nombre de persona Ramos Barragán, Victoria Eugenia
700 ## - PUNTO DE ACCESO ADICIONAL - NOMBRE DE PERSONA
9 (RLIN) 50205
Nombre de persona Gutiérrez Robledo, Luis Miguel
942 ## - ENTRADA DE ELEMENTOS AGREGADOS (KOHA)
Fuente de clasificaión o esquema Dewey Decimal Classification
Koha [por defecto] tipo de item 1- Monografias
Existencias
Suprimido Perdido Fuente de clasificación o esquema Estropeado Restricciones de uso No para préstamo Código de colección Localización permanente Localización actual Localización en estanter&íacute;as Fecha adquisición Fuente de adquisición Préstamos totales Signatura completa Código de barras Fecha última consulta Fecha último préstamo Coste, precio reemplazado Fecha del precio de reemplazo Tipo de item de Koha Número de inventario
NULL NULL Dewey Decimal Classification NULL Prestable NULL NULL Biblioteca Centro Regional de Ilobasco Biblioteca Centro Regional de Ilobasco Sala Principal 27/01/2026 Compra-Facultad Multidisciplinaria de Ilobasco 1 613.2 KAU nut 1054136 12/03/2026 03/03/2026 70.00 20/02/2026 1- Monografias  
NULL NULL Dewey Decimal Classification NULL Prestable NULL NULL Biblioteca Centro Regional de Ilobasco Biblioteca Centro Regional de Ilobasco Sala Principal 27/01/2026 Compra-Facultad Multidisciplinaria de Ilobasco 1 613.2 KAU nut 1054137 12/03/2026 04/03/2026 70.00 20/02/2026 1- Monografias  
NULL NULL Dewey Decimal Classification NULL Prestable NULL NULL Biblioteca Centro Regional de Ilobasco Biblioteca Centro Regional de Ilobasco Sala Principal 27/01/2026 Compra-Facultad Multidisciplinaria de Ilobasco 2 613.2 KAU nut 1054138 12/03/2026 04/03/2026 70.00 20/02/2026 1- Monografias  
NULL NULL Dewey Decimal Classification NULL Prestable NULL NULL Biblioteca Miguel de Cervantes - UNICAES Biblioteca Miguel de Cervantes - UNICAES Sala Principal 18/12/2025 Compra-F. de C.C. de la Salud   613.2 KAU nut 1054304 12/03/2026   70.00 12/03/2026 1- Monografias 036707
NULL NULL Dewey Decimal Classification NULL Prestable NULL NULL Biblioteca Miguel de Cervantes - UNICAES Biblioteca Miguel de Cervantes - UNICAES Sala Principal 24/01/2026 Compra-F. de C.C. de la Salud   613.2 KAU nut 1054305 12/03/2026   70.00 12/03/2026 1- Monografias 036708
NULL NULL Dewey Decimal Classification NULL Prestable NULL NULL Biblioteca Miguel de Cervantes - UNICAES Biblioteca Miguel de Cervantes - UNICAES Sala Principal 18/12/2025 Compra-F. de C.C. de la Salud   613.2 KAU nut 1054306 12/03/2026   70.00 12/03/2026 1- Monografias 036709